La hora del diablo / (Record no. 82218)

MARC details
000 -LEADER
campo de control de longitud fija 00812nam a2200253 i 4500
001 - NÚMERO DE CONTROL
campo de control 82218
003 - IDENTIFICADOR DE NÚMERO DE CONTROL
campo de control ES-MaACL
005 - FECHA Y HORA DE LA ÚLTIMA TRANSACCIÓN
campo de control 20240426111131.0
007 - CAMPO FIJO DE DESCRIPCIÓN FÍSICA--INFORMACIÓN GENERAL
campo de control de longitud fija t|
008 - DATOS DE LONGITUD FIJA--INFORMACIÓN GENERAL
campo de control de longitud fija 041201s2003 sp ||||1| spa d
020 ## - NÚMERO INTERNACIONAL ESTÁNDAR DEL LIBRO
Número Internacional Estándar del Libro 84-96136-17-5
080 ## - NÚMERO DE LA CLASIFICACIÓN DECIMAL UNIVERSAL
Número de la Clasificación Decimal Universal 821.134.3-32"19"
100 1# - ENTRADA PRINCIPAL--NOMBRE DE PERSONA
Nombre de persona Pessoa, Fernando,
Fechas asociadas al nombre 1888-1935
9 (RLIN) 91451
245 13 - MENCIÓN DEL TÍTULO
Título La hora del diablo /
Mención de responsabilidad, etc. Fernando Pessoa ; edición y postfacio de Teresa Rita Lopes ; traducción de R. Vilagrassa.
250 ## - MENCION DE EDICION
Mención de edición 1ª ed.
260 ## - PUBLICACIÓN, DISTRIBUCIÓN, ETC.
Lugar de publicación, distribución, etc. Barcelona :
Nombre del editor, distribuidor, etc. Acantilado,
Fecha de publicación, distribución, etc. 2003.
300 ## - DESCRIPCIÓN FÍSICA
Extensión 79 p. ;
Dimensiones 18 cm.
490 1# - MENCIÓN DE SERIE
Mención de serie Cuadernos del Acantilado ;
Designación de volumen o secuencia 1
700 1# - ENTRADA AGREGADA--NOMBRE PERSONAL
Nombre de persona Lopes, Teresa Rita.
9 (RLIN) 73288
700 1# - ENTRADA AGREGADA--NOMBRE PERSONAL
Nombre de persona Vilagrassa, Roser.
9 (RLIN) 183736
830 0# - PUNTO DE ACCESO ADICIONAL DE SERIE-TÍTULO UNIFORME
Título uniforme Cuadernos del Acantilado ;
Designación de volumen o secuencia 1
9 (RLIN) 183737
852 ## - LOCALIZACIÓN
Ubicación ES-MaACL
Número de control de estantería L-28557
Holdings
Estatus retirado Estado de pérdida Estado de daño No para préstamo Biblioteca de origen Biblioteca actual Ubicación en estantería Fecha de adquisición Fuente de adquisición Total de préstamos Signatura topográfica completa Código de barras Visto por última vez Precio de reemplazo Tipo de ítem Koha
        Biblioteca del Ateneo de Madrid Biblioteca del Ateneo de Madrid Depósito 2 17/01/2008     L-28557 1085930 23/02/2023 23/02/2023 Libro impreso